000 00583nam a22001817a 4500
003 OSt
005 20260109062312.0
008 260109b |||||||| |||| 00| 0 eng d
020 _a0-8151-4516-0.
040 _aDWCL-Main lib
_cOC
082 _220th edition.
_aCirc. 615.121 M113s 1998
100 _aMckenry, Leda M.
245 _aStudent learning guide to accompany Mosby's pharmacology in nursing 20th ed.
_cMckenry, Leda M.
260 _aSt. Louis :
_bMosby, Inc.,
_cc1998.
300 _a94 pages ;
_c27 cm.
700 _aEvelyn Salerno
942 _2ddc
_cBK-CIRC
_e20th ed.
_kCirc.
_n0
999 _c7233
_d7233